| 000 | 00514nam a2200229Ia 4500 | ||
|---|---|---|---|
| 005 | 20250425162724.0 | ||
| 008 | 250425s9999 xx 000 0 und d | ||
| 020 | _a9786073206839 | ||
| 041 | _aspa | ||
| 043 | _amx | ||
| 082 | _a540 | ||
| 100 | _aBURNS, RALPH A. | ||
| 245 | 0 | _aFUNDAMENTOS DE QUIMICA | |
| 250 | _a5A ED. | ||
| 260 | _aMEXICO | ||
| 260 |
_aMéxico _bPEARSON EDUCACION _c2011 |
||
| 300 | _a776 | ||
| 650 | _aQUIMICA | ||
| 650 | _aQUIMICA ORGANICA | ||
| 942 | _c01 | ||
| 010 | _a103018 | ||
| 999 |
_c235114 _d235114 |
||